000 00221 a2200097 4500
001 30163
100 _aSlonim Marc
245 _aAn outline of Russian L.
260 _aLondon
_bOxford University
_c
090 _c20106
_d20106
942 _aNUST-CAE
_cM
_c11233
999 _c265236
_d265236